00574nam a2200205Ia 450000500170000000800410001702000150005808200130007310000140008624500190010026000480011930000180016750000060018565000190019165000180021065000210022894200060024995200980025599900150035320250131011234.0240331s9999 xx 000 0 und d a8120607562 bPARa954 aParker, H 0aAncient Ceylon aNew DelhibAsian Educational Servicesc1992 aXiv, 693 p ., a  aAncient Veddas aModern Veddas aSocial Divisions cL 001040708LaWERCLbWERCLcSSCd2024-03-31l0o 954.93 PARp1499r2024-03-31w2024-03-31yL c3508d3508